00988nam a2200301 a 450000100060000000300080000600500170001400800410003102000150007202000150008703500190010203500110012104000160013204100080014808200230015608200130017910000250019224500660021725000120028326000370029530000270033250001110035950400510047065000390052165000390056065000480059965000390064745927BD-RjUL20211209054103.0740115s1973 enk b 001 0 eng  a0421154705 a0421154802 a(BD-RjUL)46045 a267352 aLCbengcLC aeng00a342.4202bPHC 197300a342.42021 aPhillips, Owen Hood.10aConstitutional and administrative law /cby O. Hood Phillips. a5th ed. aLondon :bSweet & Maxwell,c1973 axlvi, 669 p. ;c23 cm. aFirst and 2d editions published under title: The constitutional law of Great Britain and the Commonwealth. aIncludes bibliographical references and index. 0aConstitutional lawzGreat Britain. 0aAdministrative lawzGreat Britain. 0aConstitutional lawzCommonwealth countries. 0aConstitutional lawzGreat Britain.